[Event "Speed Chess Super Swiss"]
[Site "chess.com INT"]
[Date "2020.10.03"]
[Round "11"]
[White "Karjakin, Sergey"]
[Black "Vachier Lagrave, Maxime"]
[Result "0-1"]
[WhiteElo "2752"]
[BlackElo "2784"]
[PlyCount "106"]
[EventDate "2020.10.03"]
[EventType "swiss (blitz)"]
[EventRounds "15"]
[EventCountry "USA"]
[SourceTitle "EXT 2021"]
[Source "ChessBase"]
[SourceDate "2020.10.23"]
[SourceVersion "1"]
[SourceVersionDate "2020.10.23"]
[SourceQuality "1"]

1. e4 c6 2. d4 d5 3. e5 Bf5 4. Nf3 e6 5. Be2 Nd7 6. O-O Ne7 7. c3 h6 8. Nbd2 g5
9. Ne1 Bg7 10. Bd3 Bg6 11. f4 Nf5 12. Nb3 Qe7 13. Qg4 f6 14. exf6 Nxf6 15. Qe2
g4 16. Nc5 Kf7 17. Bc2 h5 18. Ned3 Nd7 19. Nxb7 Rhe8 20. Nbc5 Nxc5 21. dxc5 Kg8
22. Kh1 Qh4 23. Qe1 g3 24. h3 Nh6 25. Rf3 Be4 26. Qxg3 Qe7 27. Rf2 Nf5 28. Qg5
Qxg5 29. fxg5 e5 30. Nb4 Bxc2 31. Nxc2 Ng3+ 32. Kh2 Ne4 33. Rf5 Nxc5 34. Be3
Nd3 35. g6 Re6 36. Rxh5 Rxg6 37. Rf1 Nxb2 38. Bc5 Nd3 39. Be7 Re8 40. Bg5 e4
41. Ne3 Bxc3 42. Ng4 Bg7 43. Nf6+ Bxf6 44. Bxf6 Kf7 45. Bd4+ Ke6 46. Bxa7 Ra8
47. Rh7 Rf6 48. Rb1 c5 49. Rb6+ Kf5 50. Rbb7 e3 51. Rbe7 Rxa7 52. g4+ Kf4 53.
Rxa7 e2 0-1

[Event "Speed Chess Super Swiss"]
[Site "chess.com INT"]
[Date "2020.10.03"]
[Round "12"]
[White "Ibarra Jerez, Jose Carlos"]
[Black "Karjakin, Sergey"]
[Result "1-0"]
[WhiteElo "2561"]
[BlackElo "2752"]
[PlyCount "113"]
[EventDate "2020.10.03"]
[EventType "swiss (blitz)"]
[EventRounds "15"]
[EventCountry "USA"]
[SourceTitle "EXT 2021"]
[Source "ChessBase"]
[SourceDate "2020.10.23"]
[SourceVersion "1"]
[SourceVersionDate "2020.10.23"]
[SourceQuality "1"]

1. e4 c5 2. Nc3 d6 3. d4 cxd4 4. Qxd4 Nf6 5. b3 Nc6 6. Qd2 e6 7. Bb2 Be7 8.
O-O-O O-O 9. f4 a6 10. g4 b5 11. g5 Nd7 12. Nf3 Bb7 13. Bd3 Rc8 14. Kb1 Nb4 15.
Rhe1 Nxd3 16. Qxd3 Qc7 17. a3 Rfd8 18. f5 Ne5 19. Nxe5 dxe5 20. Qh3 exf5 21.
Qxf5 g6 22. Qg4 b4 23. Rxd8+ Rxd8 24. axb4 Bxb4 25. Re3 Rd2 26. h4 Rf2 27. Qg3
Rf1+ 28. Re1 Rf4 29. Rd1 Bxe4 30. Nxe4 Rxe4 31. Qd3 Qc6 32. Qd8+ Kg7 33. Qb8
Qc5 34. Rd8 Re1+ 35. Bc1 Qf8 36. Rxf8 Bxf8 37. Kb2 Bc5 38. Bd2 Bd4+ 39. Bc3 Re4
40. Bxd4 exd4 41. Qb7 Rxh4 42. Qb6 h5 43. Qf6+ Kg8 44. Qxa6 Rh2 45. Qc8+ Kg7
46. Qd8 Rd2 47. b4 d3 48. Qd4+ Kg8 49. b5 Rxc2+ 50. Kb3 Rc8 51. Qxd3 h4 52. Qd7
Rb8 53. Kb4 Ra8 54. Qc7 h3 55. b6 Kg7 56. b7 Re8 57. b8=Q 1-0

[Event "Speed Chess Super Swiss"]
[Site "chess.com INT"]
[Date "2020.10.03"]
[Round "13"]
[White "Karjakin, Sergey"]
[Black "Moskalenko, Alexander"]
[Result "1-0"]
[WhiteElo "2752"]
[BlackElo "2515"]
[PlyCount "93"]
[EventDate "2020.10.03"]
[EventType "swiss (blitz)"]
[EventRounds "15"]
[EventCountry "USA"]
[SourceTitle "EXT 2021"]
[Source "ChessBase"]
[SourceDate "2020.10.23"]
[SourceVersion "1"]
[SourceVersionDate "2020.10.23"]
[SourceQuality "1"]

1. e4 e5 2. Nf3 Nc6 3. Bc4 Bc5 4. c3 Nf6 5. d3 O-O 6. a4 a5 7. Bg5 Be7 8. Nbd2
h6 9. Bh4 Nh5 10. Bg3 Nxg3 11. hxg3 d6 12. Nf1 Be6 13. Ne3 Bxc4 14. dxc4 Re8
15. Nd5 Bf8 16. g4 Ne7 17. Ne3 Ng6 18. Nf5 Nf4 19. g3 Ne6 20. Qc2 Qf6 21. Ke2
Rad8 22. Rh5 Qg6 23. Rh4 Be7 24. Nxe7+ Rxe7 25. Rah1 f6 26. Nd2 c6 27. f3 d5
28. cxd5 cxd5 29. Qb3 Nc5 30. Qb6 Ne6 31. Qxa5 dxe4 32. Nxe4 Red7 33. Qb4 Ng5
34. Qc4+ Kh8 35. Kf1 Nxf3 36. Kg2 Qxe4 37. Qxe4 Ng5 38. Rxh6+ gxh6 39. Rxh6+
Nh7 40. Qf5 Kg7 41. g5 fxg5 42. Qg6+ Kh8 43. Qe6 Rd2+ 44. Kf3 Rf8+ 45. Kg4 Re2
46. Qe7 Re4+ 47. Kh5 1-0

[Event "Speed Chess Super Swiss"]
[Site "chess.com INT"]
[Date "2020.10.03"]
[Round "14"]
[White "Jaracz, Pawel"]
[Black "Karjakin, Sergey"]
[Result "0-1"]
[WhiteElo "2456"]
[BlackElo "2752"]
[PlyCount "106"]
[EventDate "2020.10.03"]
[EventType "swiss (blitz)"]
[EventRounds "15"]
[EventCountry "USA"]
[SourceTitle "EXT 2021"]
[Source "ChessBase"]
[SourceDate "2020.10.23"]
[SourceVersion "1"]
[SourceVersionDate "2020.10.23"]
[SourceQuality "1"]

1. e4 c6 2. d4 d5 3. e5 Bf5 4. Nd2 e6 5. Nb3 Ne7 6. Nf3 Nc8 7. Bd3 Bxd3 8. Qxd3
Nd7 9. O-O Be7 10. g3 Ncb6 11. h4 h6 12. h5 Qc7 13. Bf4 Nc4 14. Rab1 a5 15.
Nbd2 b5 16. c3 a4 17. Rfe1 c5 18. Nf1 cxd4 19. cxd4 Qb6 20. b3 axb3 21. axb3
Na5 22. Ne3 Nc6 23. Ng4 O-O-O 24. b4 Kb7 25. Ne3 Ra8 26. Nc2 Rhc8 27. Red1 Nd8
28. Nfe1 Rc4 29. Qe2 Ra2 30. Rd2 Nc6 31. Be3 Kc8 32. Nd3 Qa7 33. Nc5 Nxc5 34.
bxc5 b4 35. Ne1 Rxd2 36. Qxd2 Bd8 37. Nd3 Qa4 38. Nb2 Qb3 39. Rc1 Rc3 40. Nd1
Rxc1 41. Qxc1 Kb7 42. Kg2 Qc4 43. Qd2 b3 44. Qb2 Ba5 45. Qa3 Bb4 46. Qa4 Be1
47. Qa1 Qb4 48. Nb2 Bc3 49. Qb1 Bxb2 50. Qxb2 Na5 51. g4 Nc4 52. Qb1 b2 53. g5
Nxe3+ 0-1

[Event "Speed Chess Super Swiss"]
[Site "chess.com INT"]
[Date "2020.10.03"]
[Round "15"]
[White "Karjakin, Sergey"]
[Black "Holt, Conrad"]
[Result "0-1"]
[WhiteElo "2752"]
[BlackElo "2549"]
[PlyCount "82"]
[EventDate "2020.10.03"]
[EventType "swiss (blitz)"]
[EventRounds "15"]
[EventCountry "USA"]
[SourceTitle "EXT 2021"]
[Source "ChessBase"]
[SourceDate "2020.10.23"]
[SourceVersion "1"]
[SourceVersionDate "2020.10.23"]
[SourceQuality "1"]

1. b3 d5 2. Bb2 Bf5 3. g3 e6 4. Bg2 Nf6 5. Nf3 Be7 6. O-O h6 7. d3 O-O 8. c4 c6
9. Nbd2 a5 10. a3 Nbd7 11. Qc2 Qb6 12. Bc3 c5 13. cxd5 exd5 14. Bb2 Rfc8 15.
Rfc1 Qe6 16. Qd1 Bh3 17. Bxh3 Qxh3 18. d4 b6 19. dxc5 bxc5 20. e3 a4 21. bxa4
Nb6 22. Rab1 Nxa4 23. Nf1 Nxb2 24. Rxb2 c4 25. Rb7 Bxa3 26. Rcb1 Bd6 27. Nd4
Be5 28. Nf3 Qf5 29. Nxe5 Qxe5 30. Nd2 c3 31. Nf3 Qe4 32. Rc1 d4 33. Rb4 c2 34.
Qe2 d3 35. Rxe4 dxe2 36. Rb4 Rab8 37. Rxb8 Rxb8 38. Nd4 Rb1 39. Nxe2 Nd5 40.
Kg2 Nb4 41. Kf3 Nd3 0-1

[Event "Titled Tuesday intern op 6th Oct"]
[Site "Chess.com INT"]
[Date "2020.10.06"]
[Round "8"]
[White "Khusnutdinov, Rustam"]
[Black "Karjakin, Sergey"]
[Result "1-0"]
[WhiteElo "2491"]
[BlackElo "2752"]
[PlyCount "65"]
[EventDate "2020.10.06"]
[EventType "swiss (blitz)"]
[EventRounds "10"]
[EventCountry "USA"]
[SourceTitle "EXT 2021"]
[Source "ChessBase"]
[SourceDate "2020.10.23"]
[SourceVersion "1"]
[SourceVersionDate "2020.10.23"]
[SourceQuality "1"]

1. e4 c5 2. Nf3 d6 3. Bb5+ Nd7 4. Ba4 Ngf6 5. O-O a6 6. c4 e6 7. Nc3 Be7 8. d4
cxd4 9. Qxd4 O-O 10. Rd1 Qc7 11. Bxd7 Bxd7 12. Bf4 Bc6 13. Bxd6 Bxd6 14. Qxd6
Qxd6 15. Rxd6 Bxe4 16. Ne5 Rac8 17. Rad1 h6 18. f3 Bh7 19. b4 g5 20. c5 Rc7 21.
Kf2 Kg7 22. R1d2 a5 23. Nb5 Rcc8 24. a3 axb4 25. axb4 Nd5 26. Rd7 Nxb4 27. Nd6
Rxc5 28. Ndxf7 Ra8 29. Nxg5+ Kf6 30. Nxh7+ Kxe5 31. Re2+ Kf5 32. g4+ Kf4 33.
Re4# 1-0